000 00231nam a2200097Ia 4500
008 240331s9999 xx 000 0 und d
082 _bWOM
100 _aWalsh, M.R. ed
245 0 _aWomen,men and gender :
_bongoing debates
942 _cL
999 _c1617
_d1617